|
|
|
|
| LEADER |
00000nam0a2200000 4500 |
| 001 |
41498 |
| 005 |
20231031014301.0 |
| 035 |
|
|
|a (RuTPU)RU\TPU\book\42611
|
| 090 |
|
|
|a 41498
|
| 100 |
|
|
|a 20020621d1956 m a0rusy50 ca
|
| 101 |
0 |
|
|a rus
|
| 102 |
|
|
|a RU
|
| 105 |
|
|
|a y j 001zy
|
| 200 |
1 |
|
|a Правила русской орфографии и пунктуации
|e Утверждены Академией наук СССР и Министерством просвещения РСФСР
|
| 210 |
|
|
|a Москва
|c Просвещение
|d 1956
|
| 215 |
|
|
|a 176 с.
|
| 320 |
|
|
|a Словарь: с.115-168.
|
| 606 |
1 |
|
|a Русский язык
|x Учебные руководства и пособия для высшей школы
|x Пособия по грамматике
|2 stltpush
|3 (RuTPU)RU\TPU\subj\74679
|
| 610 |
1 |
|
|a грамматика
|
| 610 |
1 |
|
|a орфография
|
| 610 |
1 |
|
|a пунктуация
|
| 686 |
|
|
|a Ш141.2-923.2
|v LBC/SL-A
|2 rubbk
|
| 801 |
|
1 |
|a RU
|b 63413507
|c 20020621
|g PSBO
|
| 801 |
|
2 |
|a RU
|b 63413507
|c 20161012
|g PSBO
|
| 942 |
|
|
|c BK
|